Spoken English : (Record no. 75528)

MARC details
000 -LEADER
fixed length control field 00623nam a22001937a 4500
005 - DATE AND TIME OF LATEST TRANSACTION
control field 20130513165704.0
010 ## - LCCN (DPL NO)
LC control number ENG-107119
020 ## - INTERNATIONAL STANDARD BOOK NUMBER
International Standard Book Number 9788183763523
Terms of availability 995.00
035 ## - SYSTEM CONTROL NUMBER
System control number EN-90652
037 ## - SOURCE OF ACQUISITION
Source of stock number/acquisition DBAD/PUB
082 ## - DEWEY DECIMAL CLASSIFICATION NUMBER
Classification number 485
100 ## - MAIN ENTRY--PERSONAL NAME
Personal name Ramesh Kumar
245 10 - TITLE STATEMENT
Title Spoken English :
Statement of responsibility, etc by Ramesh Kumar
Remainder of title methods, tools and technique /
260 ## - PUBLICATION, DISTRIBUTION, ETC. (IMPRINT)
Place of publication, distribution, etc New Delhi
Name of publisher, distributor, etc ABD Publishers
Date of publication, distribution, etc 2012
270 ## - ADDRESS
Address 102, 1st Floor, Satyam House, 4327/3, Ansari Road, Daryaganj
City New Delhi
Postal code 110002
300 ## - PHYSICAL DESCRIPTION
Extent 272p.
Dimensions 22cm(Hb)
500 ## - GENERAL NOTE
General note Includes bibliographical references and index
942 ## - ADDED ENTRY ELEMENTS (KOHA)
Source of classification or shelving scheme Dewey Decimal Classification
Item type English Books
Call number suffix RAM
Classification part 485
Holdings
Withdrawn status Lost status Not for loan Collection code Home library Current library Date acquired Source of acquisition Cost, normal purchase price Full call number Barcode Copy number Cost, replacement price Koha item type
    Not For Loan Non-fiction D.B.Act.Division D.B.Act.Division 13/05/2013 DBAD/PUB 995.00 485 RAM EN-90652 1 995.00 English Books

© Delhi Public Library
Hit Counter
free hit counter